000 00473nam a2200145 i 4500
001 145875
003 ES-MaACL
007 t|
008 071017s1953 sp ||||1| spa d
100 1 _aVerdaguer, Mario.
_9114001
245 1 3 _aLa ciudad desvanecida
_b: recuerdos de un socio del "Círculo Mallorquín" /
_cMario Verdaguer.
260 _aPalma de Mallorca :
_b[s.n.],
_c1953 (
_fImp. Mossen Alcover)
300 _a219 p. ;
_c16 cm.
852 _aES-MaACL
_jC-8563
_bR.34517
999 _c145875
_d145875